| Tag |
First Indicator |
Second Indicator |
Subfields |
| LEADER |
00000cgm a2200000Mi 4500 |
| 001 |
in00005607436 |
| 006 |
m o c |
| 007 |
cr |n|---||a|a |
| 007 |
vz |zazu| |
| 008 |
080405s2001 nyu052 g o vueng d |
| 005 |
20241214204558.8 |
| 035 |
|
|
|a (OCoLC)ocn747796589
|
| 040 |
|
|
|a ALSTP
|b eng
|e pn
|c ALSTP
|d OCLCQ
|d OCLCF
|d OCLCO
|d OCLCA
|d OCLCQ
|d OCL
|d OCLCQ
|d IAA
|d WYU
|d OCLCA
|d MERUC
|d UAB
|d OCLCQ
|d OCLCL
|d MNU
|d OCLCO
|
| 019 |
|
|
|a 1086906115
|
| 035 |
|
|
|a (OCoLC)747796589
|z (OCoLC)1086906115
|
| 041 |
1 |
|
|a eng
|p eng
|
| 050 |
|
4 |
|a Internet Access
|b AEU
|
| 082 |
0 |
4 |
|a 940.5
|q OCoLC
|2 22/eng/20230216
|
| 049 |
|
|
|a TXAM
|
| 245 |
0 |
0 |
|a Hitler and Stalin :
|b twin tyrants /
|c produced by Blakeway Associate.
|
| 264 |
|
1 |
|a New York, NY :
|b Filmakers Library,
|c 2001.
|
| 300 |
|
|
|a 1 online resource (52 min.)
|
| 336 |
|
|
|a two-dimensional moving image
|b tdi
|2 rdacontent
|
| 337 |
|
|
|a computer
|b c
|2 rdamedia
|
| 338 |
|
|
|a online resource
|b cr
|2 rdacarrier
|
| 341 |
0 |
|
|a auditory
|b captions
|2 sapdv
|
| 532 |
1 |
|
|a Closed captioning in English
|
| 520 |
|
|
|a In January 1913 two men disillusioned with the worlds they live in, anonymously walked the streets of Vienna. Josef Stalin was a young revolutionary exiled from his Russian homeland: Adolf Hitler a penniless failing artist. Who could believe that these two misfits would soon decide the fate of the planet? How did these two men manipulate the political climate of their respective countries to reach absolute power? Why did they send millions of innocent people needlessly to their death? This psychological dual biography exposes the chilling parallels--and the glaring differences--of these two dictators. Among the similarities is that both loved their mothers but disliked their violent fathers, both had loved ones who committed suicide. Among the differences was that Stalin feared all his associates, while Hitler trusted his inner circle. The film features exceptional footage from film archives in Russia, Germany, Eastern Europe, Great Britain and the USA including rare footage of Stalin s mother and of his funeral. Among those interviewed are Stalin s niece, Kira Alliluyeva and Wolf Rudiger Hess, son of Hitler s deputy Rudolf Hess. This fascinating documentary provides new insight into these powerful and bloodthirsty men.
|
| 521 |
|
|
|a For High School; Adult audiences.
|
| 546 |
|
|
|a English.
|
| 588 |
0 |
|
|a Print version record.
|
| 600 |
1 |
0 |
|a Hitler, Adolf,
|d 1889-1945.
|
| 600 |
1 |
0 |
|a Stalin, Joseph,
|d 1878-1953.
|
| 600 |
1 |
7 |
|a Hitler, Adolf,
|d 1889-1945
|2 fast
|1 https://id.oclc.org/worldcat/entity/E39PBJwXd9HYyHB9fPphHrQrMP
|
| 600 |
1 |
7 |
|a Stalin, Joseph,
|d 1878-1953
|2 fast
|1 https://id.oclc.org/worldcat/entity/E39PBJxCCxXjWhwPJQWJy3q84q
|
| 653 |
|
0 |
|a History
|
| 655 |
|
0 |
|a Documentary.
|
| 655 |
|
4 |
|a Streaming videos.
|
| 655 |
|
7 |
|a documentary film.
|2 aat
|
| 655 |
|
7 |
|a Video recordings for the hearing impaired.
|2 lcgft
|
| 655 |
|
7 |
|a Documentary films.
|2 lcgft
|
| 710 |
2 |
|
|a Blakeway Associate.
|
| 830 |
|
0 |
|a Filmakers library online.
|
| 856 |
4 |
0 |
|u http://proxy.library.tamu.edu/login?url=https://www.aspresolver.com/aspresolver.asp?AVN2;1784621
|z Connect to this streaming video (Alexander Street Press)
|t 0
|
| 955 |
|
|
|a Alexander Street Press perpetual purchased Fall 2024 streaming video
|
| 994 |
|
|
|a 92
|b TXA
|
| 999 |
f |
f |
|s 6daa342e-5e08-404a-9a7e-9da9b91dd155
|i 3a20c276-b35e-48ce-a646-eec764ac4c3e
|t 0
|
| 952 |
f |
f |
|a Texas A&M University
|b College Station
|c Electronic Resources
|d Available Online
|t 0
|e Internet Access AEU
|h Library of Congress classification
|
| 998 |
f |
f |
|a Internet Access AEU
|t 0
|l Available Online
|